000 00338nam a22001457a 4500
003 OSt
008 220609b ||||| |||| 00| 0 eng d
020 _a978-8131724651
100 _a WOLF, Wayne
245 _aFPGA-Based System Design
260 _aNew Delhi
_bPearson
_c2005
300 _a544
650 _aB.Tech(CSE)
942 _2ddc
_cBK
999 _c11290
_d11290